Cultura Geral - Statistics

Estatísticas Gerais
  • Esse quiz foi jogado 21 vezes
  • A pontuação média é 5 de 15
Estatísticas das Respostas
Hint Resposta % Correto
Em que país podemos encontrar a sede de MTV? Estados Unidos
72%
Em que país podemos encontrar a sede da Organização Mundial da Saúde? Suíça
67%
Que nome aos movimentos e ideologias que visam estabelecer a igualdade de género? Feminismo
61%
Qual é o país de origem da cantora Woo Hye-lim? Coreia do Sul
50%
Que nome damos a uma estrutura ou reduto fortificado, parcialmente ou totalmente construído embaixo da terra (subterrâneo), feito para resistir a projéteis de guerra? Bunker
33%
Que nome damos ao estado mental ou emocional de bem-estar caracterizado por emoções agradáveis? Felicidade
33%
Que nome damos á canção trabalhada separadamente do seu álbum original com propósito promocional? Single
33%
Que nome damos á posição moral, filosofia política, ideologia ou visão social que enfatiza o valor moral do indivíduo? Individualismo
28%
Em que estado dos EUA podemos encontrar o Memorial & Museu Nacional do 11 de Setembro? Nova York
28%
Que nome damos ao comportamento inadequado, excessivo, contrário aos costumes e à harmonia? Abuso
22%
Que nome damos a uma pessoa envolvida em influenciar políticas públicas e tomada de decisões? Político
22%
Que nome damos ao tipo de agressão sexual geralmente envolvendo relações sexuais sem consentimento? Violação
17%
Que nome damos á atitude de questionamento para o conhecimento, fatos, opiniões ou crenças estabelecidas como fatos? Ceticismo
11%
Que nome damos á escultura do rosto de ex-presidentes estadunidenses na Dakota do Sul? Monte Rushmore
11%
Que nome damos ao ato de fazer com que outros façam o que alguém quer, através do medo? Intimidação
6%
Nenhum quiz correspondente encontrado
Distribuição das Pontuações
Porcentagem de Pessoas com Cada Pontuação
Percentil de Números Respondidos
Sua Pontuação Histórica
Você não jogou esse quiz